Výběr technologií systémů automatické identifikace

Kritériá hodnotenia systémov automatickej identifikácie. Vhodnosť použitia jednotlivých technológií. Typy technológií: čiarový kód, technológia OCR, MICR, rádiofrekvenčné kódovanie, induktívna technológia, magnetická technológia, pamäťové karty, hlasové systémy, biometrické identifikačné technológie...

Descrizione completa

Salvato in:
Dettagli Bibliografici
Autore principale: Ježek, V.
Natura: Capitolo di libro
Lingua:ceco
Soggetti:
Tags: Aggiungi Tag
Nessun Tag, puoi essere il primo ad aggiungerne!!

MARC

LEADER 00000naa a2200000 4500
001 r023601
005 20230922085828.3
041 0 |a cze 
044 |a CZ 
245 1 0 |a Výběr technologií systémů automatické identifikace  |c V. Ježek 
520 |a Kritériá hodnotenia systémov automatickej identifikácie. Vhodnosť použitia jednotlivých technológií. Typy technológií: čiarový kód, technológia OCR, MICR, rádiofrekvenčné kódovanie, induktívna technológia, magnetická technológia, pamäťové karty, hlasové systémy, biometrické identifikačné technológie, rádiofrekvenčná dátová komunikácia, dotykové technológie. Systém evidencie hmotného a nehmotného majetku pomocou čiarového kódu. Využitie výpočtovej techniky pri ambulantom predaji. 
610 2 0 |a evidencia 
610 2 0 |a identifikácia automatická 
610 2 0 |a technika výpočtová 
610 2 0 |a obchod 
610 2 0 |a využitie počítačov 
610 2 0 |a riadenie 
610 2 0 |a kódy čiarové 
610 2 0 |a technológie nové 
100 1 |a Ježek, V.